Statistics for Italian Football Players Abroad

Click here to take the quiz!

General Stats

  • This quiz has been taken 169 times
    (128 since last reset)
  • The average score is 9 of 15

Answer Stats

Competition Club Position Player % Correct
PSGMDMarco Verratti
88%
EnglandLiverpoolFWMario Balotelli
85%
PSGMDThiago Motta
83%
PSGGKSalvatore Sirigu
79%
SouthamptonFWGraziano Pellè
77%
GermanyBorussia DortmundFWCiro Immobile
77%
USAToronto FCFWSebastian Giovinco
77%
LiverpoolFWFabio Borini
74%
RussiaZenith St PetersburgDFDomenico Criscito
63%
FranceAS MonacoDFAndrea Raggi
51%
SunderlandGKVito Mannone
48%
SunderlandMDEmanuele Giaccherini
44%
PortugalBenficaMDBryan Cristante
27%
Bayer LeverkusenDFGiulio Donati
25%
Werder BremenDFLuca Caldirola
20%

Score Distribution

Percentile by Number Answered

Percent of People with Each Score

Your Score History

You have not taken this quiz since the last reset